| 000 | 00404nam a22001457a 4500 | ||
|---|---|---|---|
| 020 | _qPB. | ||
| 040 | _cFIZZA ISHAQ | ||
| 082 |
_a347.305 _bROT |
||
| 100 |
_aRothwax , Harold J. _9134225 |
||
| 245 |
_aGuilty: The Collapse of Criminal Justice / _cHarold J. Rothwax. |
||
| 250 | _a1st ED. | ||
| 260 |
_aNew York: _bRandom House, _c1996. |
||
| 300 |
_a238 P. ; _c6.5 x 1.25 x 10 inches |
||
| 942 |
_2ddc _cBK |
||
| 999 |
_c617198 _d617198 |
||